| 000 | 00354cam a2200145ua 4500 | ||
|---|---|---|---|
| 041 |
_aeng _h |
||
| 082 |
_a617.7 _bZOL/DI |
||
| 100 | _aZolotaryova, M . | ||
| 245 |
_aDiseases of the eye / _cM Zolotaryova. _hTextual Documents |
||
| 260 |
_aMoscow : _bM I R Publishers , _c1966. |
||
| 300 | _a175 ; . | ||
| 504 | _a | ||
| 942 | _cBK | ||
| 999 |
_c4426 _d4426 |
||